[Event "Challenge"]
[Site "http://www.queenalice.com/game.php?id=33151"]
[Date "2005.10.14"]
[Round "-"]
[White "seifullaah73"]
[Black "toptester"]
[Result "0-1"]
[WhiteElo "1394"]
[BlackElo "1436"]

1. e4 e5 2. Nf3 Nc6 3. Bb5 Nd4 4. Nxd4 exd4 5. d3 c6 6. Bc4 g6 7. O-O Bg7 8. Qf3
f6 9. Re1 c5 10. Bxg8 Rxg8 11. Nd2 b6 0-1

[Event "Challenge"]
[Site "http://www.queenalice.com/game.php?id=33152"]
[Date "2005.10.14"]
[Round "-"]
[White "seifullaah73"]
[Black "toptester"]
[Result "0-1"]
[WhiteElo "1376"]
[BlackElo "1450"]

1. e4 e5 2. Nf3 d6 3. Nc3 g6 4. Bc4 Nc6 5. d4 Bg7 6. Ng5 Be6 7. Bxe6 fxe6 8.
Nxe6 Qd7 9. Nxg7+ Qxg7 10. d5 Nce7 11. Nb5 Nc8 0-1

[Event "Challenge"]
[Site "http://www.queenalice.com/game.php?id=33153"]
[Date "2005.10.14"]
[Round "-"]
[White "seifullaah73"]
[Black "toptester"]
[Result "0-1"]
[WhiteElo "1415"]
[BlackElo "1416"]

1. e4 e5 2. Nf3 d6 3. Nc3 g6 4. Bc4 Nc6 5. d3 b6 6. Ng5 Nh6 7. O-O f6 8. Ne6
Bxe6 9. Bxe6 Qe7 10. Nd5 Qd8 11. Be3 Ne7 0-1

[Event "AUTO-ADV-164"]
[Site "http://www.queenalice.com/game.php?id=64946"]
[Date "2006.4.22"]
[Round "1"]
[White "seifullaah73"]
[Black "Lightningzap007"]
[Result "0-1"]
[WhiteElo "1347"]
[BlackElo "1920"]

1. e4 d6 2. d4 Nf6 3. Nc3 g6 4. Nf3 Bg7 5. Bc4 O-O 6. O-O c6 7. Bg5 Bg4 8. Qd2
Bxf3 9. gxf3 Nbd7 10. Bh6 b5 11. e5 dxe5 0-1

[Event "AUTO-ADV-164"]
[Site "http://www.queenalice.com/game.php?id=64947"]
[Date "2006.4.22"]
[Round "1"]
[White "Lightningzap007"]
[Black "seifullaah73"]
[Result "1-0"]
[WhiteElo "1902"]
[BlackElo "1317"]

1. e4 e5 2. d4 Nc6 3. Nf3 d6 4. dxe5 dxe5 5. Qxd8+ Kxd8 6. Bb5 Bb4+ 7. Bd2 Nd4
8. Nxd4 Bxd2+ 9. Nxd2 exd4 10. Nb3 Nf6 11. f3 c6 12. Be2 b6 13. Nxd4 Bb7 14.
O-O-O c5 15. Ne6+ 1-0

[Event "AUTO-ADV-164"]
[Site "http://www.queenalice.com/game.php?id=64948"]
[Date "2006.4.22"]
[Round "1"]
[White "seifullaah73"]
[Black "csadler"]
[Result "0-1"]
[WhiteElo "1341"]
[BlackElo "1841"]

1. e4 c5 2. Nf3 Nc6 3. d4 cxd4 4. Nxd4 g6 5. Nb5 a6 6. Nd4 Bg7 7. Nxc6 bxc6 8.
Bf4 Bxb2 9. c3 Bxa1 10. Be5 Nf6 11. Bxf6 exf6 12. Qe2 O-O 13. Qd2 Qa5 14. Qh6
Bxc3+ 15. Nxc3 Qxc3+ 16. Qd2 Qxd2+ 0-1

[Event "AUTO-ADV-164"]
[Site "http://www.queenalice.com/game.php?id=64949"]
[Date "2006.4.22"]
[Round "1"]
[White "csadler"]
[Black "seifullaah73"]
[Result "1-0"]
[WhiteElo "1803"]
[BlackElo "1345"]

1. g3 e5 2. c4 Bc5 3. Bg2 Nf6 4. Nc3 Ng4 5. e3 O-O 6. Qxg4 d6 7. Qe2 Nc6 8. Nf3
f5 9. O-O e4 10. Ne1 Ne5 11. d4 Nd3 12. dxc5 dxc5 13. Nxd3 exd3 14. Qf3 g5 15.
Bd2 g4 16. Qd1 h5 17. Nd5 h4 18. Bc3 h3 19. Bh1 b5 20. Qxd3 Bb7 21. Nf6+ Rxf6
22. Bxf6 Qxd3 23. Bxb7 Re8 24. Bd5+ Kh7 25. Rad1 1-0

[Event "AUTO-INT-89"]
[Site "http://www.queenalice.com/game.php?id=65478"]
[Date "2006.4.24"]
[Round "1"]
[White "Mateusfreitas"]
[Black "seifullaah73"]
[Result "0-1"]
[WhiteElo "1148"]
[BlackElo "1339"]

1. e4 e5 2. Qf3 Nc6 3. Bc4 Nh6 4. Nc3 Nd4 5. Qd1 Qg5 6. Nf3 Qxg2 7. Rf1 Nxf3+ 8.
Ke2 d5 9. Bxd5 c6 10. Bc4 Bg4 11. b3 Nxh2+ 12. Kd3 Bxd1 13. Rxd1 Qf3# 0-1

[Event "AUTO-INT-89"]
[Site "http://www.queenalice.com/game.php?id=65479"]
[Date "2006.4.24"]
[Round "1"]
[White "seifullaah73"]
[Black "Mateusfreitas"]
[Result "1-0"]
[WhiteElo "1315"]
[BlackElo "1019"]

1. e4 e5 2. f4 exf4 3. Nf3 Bc5 4. d4 Bb4+ 5. Bd2 a5 6. Bc4 Qf6 7. Ne5 Nh6 8. O-O
d6 9. Rxf4 Qe7 10. Bxb4 g5 11. Bxf7+ Kd8 12. Nc3 axb4 13. Nd5 Qf8 14. Be6 Qxf4
15. Bxc8 Kxc8 16. Qh5 Qxe4 17. Qh3+ Nf5 18. Ne7+ 1-0

[Event "AUTO-INT-89"]
[Site "http://www.queenalice.com/game.php?id=65496"]
[Date "2006.4.24"]
[Round "1"]
[White "seifullaah73"]
[Black "dlabedz"]
[Result "0-1"]
[WhiteElo "1297"]
[BlackElo "1208"]

1. e4 d5 2. Bb5+ c6 3. Ba4 b5 4. Bb3 a5 5. exd5 cxd5 6. Nc3 b4 7. Nb5 Ba6 8.
Bxd5 Bxb5 9. Bxa8 Nd7 10. b3 Qxa8 11. c4 Bc6 12. Nf3 g6 13. Bb2 f6 14. O-O g5
15. Nxg5 fxg5 16. Bxh8 Nh6 17. Qh5+ Kd8 18. Rfe1 Bxg2 19. Qxg5 Bh3 20. Bg7 Ng4
21. f3 Qxf3 22. Qxa5+ Ke8 23. Qd5 Qxd5 24. cxd5 Bxg7 25. d6 Nb6 26. Rxe7+ Kd8
27. Rae1 Bf6 28. Re8+ Kd7 29. Rb8 Bd4+ 0-1

[Event "AUTO-INT-89"]
[Site "http://www.queenalice.com/game.php?id=65497"]
[Date "2006.4.24"]
[Round "1"]
[White "dlabedz"]
[Black "seifullaah73"]
[Result "1-0"]
[WhiteElo "1228"]
[BlackElo "1277"]

1. Nc3 e5 2. e4 Nf6 3. f3 Nc6 4. g4 d5 5. a3 d4 6. Nce2 b6 7. c3 Na5 8. b4 Nc4
9. h3 dxc3 10. Nxc3 c5 11. g5 Nh5 12. Nge2 Qxg5 13. d3 Ne3 14. Qd2 Nc2+ 15. Qxc2
Qh4+ 16. Kd1 f5 17. exf5 Bxf5 18. Be3 Rd8 19. Bg2 Bxd3 20. Qb2 Bxe2+ 21. Kxe2
Ng3+ 22. Ke1 Nxh1+ 23. Kf1 Ng3+ 24. Kg1 Be7 25. Na4 Rf8 26. Bf1 Rd3 27. Bxd3
Qxh3 28. Qh2 Qxh2+ 29. Kxh2 Rxf3 30. Re1 1-0